Advances in solid state physics.

Bibliographic Details
Previous Title:Festkhorperprobleme
Uniform Title:Advances in solid state physics (Online)
Corporate Author: LINK (Online service)
Format: Serial
Language:English
Published: Berlin : Springer.
Subjects:
Online Availability: Check for online availability

MARC

Tag First Indicator Second Indicator Subfields
LEADER 00000cas a2200000Ia 4500
001 in00001686355
005 20151024135846.0
006 m d
007 cr mnu--------
008 011017c19999999gw x s 0 0eng d
022 |a 1617-5034 
035 |a (OCoLC)ocm48163774 
040 |a DLM  |c DLM  |d OCLCQ  |d UtOrBLW 
049 |a TXAM 
130 0 |a Advances in solid state physics (Online) 
245 1 0 |a Advances in solid state physics. 
264 1 |a Berlin :  |b Springer. 
310 |a Irregular 
336 |a text  |b txt  |2 rdacontent 
337 |a computer  |b c  |2 rdamedia 
338 |a online resource  |b cr  |2 rdacarrier 
362 1 |a Coverage as of Oct. 16, 2001: vol. 41 (2001)- 
506 |a Internet access limited to subscribing institutions. 
510 0 |a Chemical abstracts  |x 0009-2258 
510 2 |a Engineering index annual (1968)  |x 0360-8557 
510 2 |a Engineering index monthly (1984)  |x 0742-1974 
510 2 |a Engineering index bioengineering abstracts  |x 0736-6213 
510 2 |a Engineering index energy abstracts  |x 0093-8408 
510 2 |a Computer & control abstracts  |x 0036-8113 
510 2 |a Electrical & electronics abstracts  |x 0036-8105 
510 2 |a Physics abstracts. Science abstracts. Series A  |x 0036-8091 
510 2 |a Chemical abstracts  |x 0009-2258 
550 |a Internet access provided through Project Link. 
538 |a System requirements: World Wide Web browser software. 
538 |a Mode of access: Internet via World Wide Web. 
500 |a Description based on: Volume 41 (2001); title from general information screen (viewed Oct. 16, 2001). 
500 |a Electronic resource. 
650 0 |a Semiconductors  |v Periodicals. 
650 0 |a Solids  |v Periodicals. 
710 2 |a LINK (Online service) 
776 1 |t Advances in solid state physics  |x 1438-4329  |w (DLC)sn 99052224  |w (OCoLC)42574242 
780 0 0 |t Festkhorperprobleme 
948 |a cataloged  |b h  |c 2002/7/3  |d c  |e bsurratt  |f 2:25:01 pm 
994 |a E0  |b TXA 
999 |a MARS 
999 f f |s e01c6e5c-aba9-30e1-88ce-dc1b3069a609  |i d1e0e1d4-9aeb-3218-8d06-3c1a3c1d0f92  |t 0 
952 f f |a Texas A&M University  |b College Station  |c Electronic Resources  |d Available Online  |t 0  |e TK7871.85 .F47  |g Electronic  |h Library of Congress classification 
998 f f |a TK7871.85 .F47  |t 0  |l Available Online